MARC

LEADER 00000nam0a2200000 4500
001 41876
005 20251128134949.0
010 |a 5783811734 
035 |a (RuTPU)RU\TPU\book\43018 
090 |a 41876 
100 |a 20020704d2002 m y0rusy50 ca 
101 0 |a rus 
102 |a RU 
105 |a a z 001zy 
200 1 |a Загадки славянской письменности  |f В. А. Чудинов 
210 |a Москва  |c Вече  |d 2002 
215 |a 528 с.  |c ил. 
225 1 |a Тайны Земли русской 
320 |a Библиогр.: с. 509-525 
600 0 |a Мефодий  |c славянский просветитель  |c создатель славянской азбуки  |f около 815 - 885  |c брат Кирилла  |2 stltpui  |3 (RuTPU)RU\TPU\pers\717 
600 0 |a Кирилл  |c славянский просветитель  |c создатель славянской азбуки  |c брат Мефодия  |f около 827 - 869  |c до принятия монашества Константин  |2 stltpui  |3 (RuTPU)RU\TPU\pers\716 
606 |a Русская культура  |x История  |9 81623 
610 1 |a языкознание 
610 1 |a славянские языки 
610 1 |a славянская письменность 
610 1 |a Россия 
610 1 |a азбука 
610 1 |a кириллица 
610 1 |a глаголица 
610 1 |a славянские руны 
610 1 |a слоговое письмо 
686 |a Ш141  |2 rubbk 
686 |a Т3(2)-7  |2 rubbk 
700 1 |a Чудинов  |b В. А.  |g Валерий Алексеевич 
801 1 |a RU  |b 63413507  |c 20020704  |g PSBO 
801 2 |a RU  |b 63413507  |c 20110922  |g PSBO 
942 |c BK